U.S National Parks East of the Mississippi River - Statistics

General Stats
  • This quiz has been taken 11 times
    9 since last reset
  • The average score is 10 of 13
Answer Stats
State National Park % Correct
Maine Acadia
100%
Florida Everglades
100%
North Carolina/Tennessee Great Smoky Mountains
100%
Kentucky Mammoth Cave
100%
Virginia Shenandoah
100%
Florida Biscayne
80%
South Carolina Congaree
80%
Dry Tortugas
80%
Indiana Indiana Dunes
80%
Michigan Isle Royale
80%
Ohio Cuyahoga Valley
60%
Minnesota Voyageurs
40%
West Virginia New River Gorge
20%
No matching quizzes found
Score Distribution
Percent of People with Each Score
Percentile by Number Answered
Your Score History
You have not taken this quiz since the last reset